00936cac a22002411u 4500008004100000010001500041020001500056020001800071082002000089100004100109245010400150250001200254260006200266300004100328504006400369650002600433650002800459700002700487700003000514942002400544999001300568952011300581081106t2003 xxu||||| |||| 00| 0 eng d a2003002166 a0131016059 a978013121192600a004.21bVAL222 aValacich, Joseph S., 91800910aEssentials of systems analysis and design /cJoseph S. Valacich, Joey F. George, Jeffrey A. Hoffer. a2nd ed. aUpper Saddle River, N.J. :bPearson Prentice Hall,c2004. axxvii, 460 p. :bcol. ill. ;c28 cm. aIncludes bibliographical references (p. 443-446) and index. 0aSystem design.918010 0aSystem analysis.9180111 aGeorge, Joey F.9180121 aHoffer, Jeffrey A.918013 cBBk004.21 VAL2ddc c643d643 00102ddc40708 aMAINbMAINcLOWd2006-07-20epurchasel2o004.21 VALp000003963r2025-07-15 00:00:00yBB